| 000 | 00469 a2200181 4500 | ||
|---|---|---|---|
| 020 | _a0534944469 | ||
| 020 | _a0534944493 | ||
| 040 | _aDLC | ||
| 082 | 0 | 0 | _a511 |
| 100 | 1 | _aEpp, Susanna S. | |
| 245 | 1 | 0 |
_aDiscrete mathematics with applications _cSusanna S. Epp. |
| 250 | _a2nd ed. | ||
| 260 |
_aBoston : _bPWS Pub. Co., _cc1995. |
||
| 300 |
_axvii, 801, 12 p. : _bill. ; _c27 cm. + |
||
| 500 | _aIncludes index. | ||
| 650 | 0 | _aMathematics. | |
| 942 |
_cBK _k511 EPP _2ddc |
||
| 999 |
_c4420 _d4420 |
||